000 00528nam a2200181Ia 4500
008 100917s9999 xx 000 0 und d
082 _b65167
100 _aकेळकर ग. म.
245 _aअजब युध्दतंत्र
260 _bश्री शिक्त प्रकाशन
_c1984
300 _a54
365 _b6
520 _aकथा
630 _aअजब युध्दतंत्र
650 _aकथा
730 _aअजब युध्दतंत्र
942 _cBOOK
999 _c670561
_d670558